Verteidigung in Jugendstrafsachen
| 1. VerfasserIn: | |
|---|---|
| Beteiligte: | |
| Medienart: | Druck Buch |
| Sprache: | Deutsch |
| Veröffentlicht: |
Heidelberg
C.F. Müller
1998
|
| In: |
Praxis der Strafverteidigung (2)
Jahr: 1998 |
| Ausgabe: | 3., völlig neubearb. und erw. Aufl. |
| Bestand in Tübingen: | In Tübingen vorhanden. IFK: F III 454 |
| Verfügbarkeit prüfen: | HBZ Gateway |
| Subito Bestelldienst: | Jetzt bestellen. |
| Schlagwörter: |
MARC
| LEADER | 00000cam a2200000 c 4500 | ||
|---|---|---|---|
| 001 | 239813685 | ||
| 003 | DE-627 | ||
| 005 | 20260206151704.0 | ||
| 007 | tu | ||
| 008 | 980209s1998 gw ||||| 00| ||ger c | ||
| 015 | |a 98,N08,0389 |2 dnb | ||
| 015 | |a 98,A24,0601 |2 dnb | ||
| 016 | 7 | |a 952786265 |2 DE-101 | |
| 020 | |a 3811486977 |c (kart.) |9 3-8114-8697-7 | ||
| 035 | |a (DE-627)239813685 | ||
| 035 | |a (DE-603)055851800 | ||
| 035 | |a (DE-576)064413934 | ||
| 035 | |a (DE-599)DNB952786265 | ||
| 035 | |a (OCoLC)231713026 | ||
| 035 | |a (OCoLC)66795265 | ||
| 040 | |a DE-627 |b ger |c DE-627 |e rakwb | ||
| 041 | |a ger | ||
| 044 | |c XA-DE | ||
| 084 | |a 19 |a 14 |2 sdnb | ||
| 084 | |a PH 4410 |2 rvk |0 (DE-625)rvk/136134: | ||
| 084 | |a PH 4420 |2 rvk |0 (DE-625)rvk/136135: | ||
| 084 | |a 86.39 |2 bkl | ||
| 100 | 1 | |a Zieger, Matthias |0 (DE-588)118116215 |0 (DE-627)079252648 |0 (DE-576)291723292 |4 aut | |
| 109 | |a Zieger, Matthias | ||
| 245 | 1 | 0 | |a Verteidigung in Jugendstrafsachen |c von Matthias Zieger |
| 250 | |a 3., völlig neubearb. und erw. Aufl. |b des von Christian Kahlert begr. Werkes | ||
| 263 | |a kart. | ||
| 264 | 1 | |a Heidelberg |b C.F. Müller |c 1998 | |
| 300 | |a XIV, 207 S. |c 21 cm | ||
| 336 | |a Text |b txt |2 rdacontent | ||
| 337 | |a ohne Hilfsmittel zu benutzen |b n |2 rdamedia | ||
| 338 | |a Band |b nc |2 rdacarrier | ||
| 490 | 1 | |a Praxis der Strafverteidigung |v 2 | |
| 500 | |a 2. Aufl. u.d.T.: Kahlert, Christian: Verteidigung in Jugendstrafsachen | ||
| 583 | 1 | |a Archivierung/Langzeitarchivierung gewährleistet |f PEBW |x XA-DE-BW |2 pdager |5 DE-31 | |
| 650 | 0 | 7 | |0 (DE-588)4125279-2 |0 (DE-627)10574140X |0 (DE-576)209575247 |a Jugendstrafverfahren |2 gnd |
| 650 | 0 | 7 | |0 (DE-588)4057806-9 |0 (DE-627)106149423 |0 (DE-576)209123761 |a Strafverteidigung |2 gnd |
| 655 | 7 | |a Formularsammlung |0 (DE-588)4155034-1 |0 (DE-627)105518786 |0 (DE-576)209815752 |2 gnd-content | |
| 689 | 0 | 0 | |d s |0 (DE-588)4125279-2 |0 (DE-627)10574140X |0 (DE-576)209575247 |a Jugendstrafverfahren |2 gnd |
| 689 | 0 | 1 | |d s |0 (DE-588)4057806-9 |0 (DE-627)106149423 |0 (DE-576)209123761 |a Strafverteidigung |2 gnd |
| 689 | 0 | |5 DE-101 | |
| 700 | 1 | |a Kahlert, Christian |e BegründerIn eines Werks |0 (DE-588)1296464555 |0 (DE-627)1852868139 |4 fon | |
| 830 | 0 | |a Praxis der Strafverteidigung |v 2 |9 2.1998 |w (DE-627)131104012 |w (DE-576)009871519 |w (DE-600)1118896-0 |7 am | |
| 935 | |i Blocktest | ||
| 936 | r | v | |a PH 4410 |b Gesamtdarstellungen |k Rechtswissenschaft |k Strafrecht, Strafverfahrensrecht, Kriminologie |k Nebenstrafrecht |k Jugendstrafrecht |k Gesamtdarstellungen |0 (DE-627)127223715X |0 (DE-625)rvk/136134: |0 (DE-576)20223715X |
| 936 | r | v | |a PH 4420 |b Einzeldarstellungen |k Rechtswissenschaft |k Strafrecht, Strafverfahrensrecht, Kriminologie |k Nebenstrafrecht |k Jugendstrafrecht |k Einzeldarstellungen |0 (DE-627)1272237168 |0 (DE-625)rvk/136135: |0 (DE-576)202237168 |
| 936 | b | k | |a 86.39 |j Jugendstrafrecht |0 (DE-627)181571994 |
| 936 | s | n | |a p100 |2 mzub |
| 936 | s | n | |a m200 |2 mzub |
| 951 | |a BO | ||
| ELC | |b 1 | ||
| LOK | |0 000 xxxxxcx a22 zn 4500 | ||
| LOK | |0 001 3234974578 | ||
| LOK | |0 003 DE-627 | ||
| LOK | |0 004 239813685 | ||
| LOK | |0 005 20080723131927 | ||
| LOK | |0 008 080723||||||||||||||||ger||||||| | ||
| LOK | |0 040 |a DE-21-110 |c DE-627 |d DE-21-110 | ||
| LOK | |0 689 |a s |a Jugendstrafe | ||
| LOK | |0 689 |a s |a Verteidigung | ||
| LOK | |0 689 |a s |a Erziehungsgedanke | ||
| LOK | |0 689 |a s |a Diversion | ||
| LOK | |0 689 |a s |a Sicherungsverwahrung | ||
| LOK | |0 689 |a s |a Jugendkriminalität | ||
| LOK | |0 689 |a s |a Intensivtäter | ||
| LOK | |0 852 |a DE-21-110 | ||
| LOK | |0 852 1 |c F III 454 |m p |9 00 | ||
| LOK | |0 936ln |a 5.5.1 | ||
| LOK | |0 938 |k p | ||
| LOK | |0 939 |a 23-07-08 |b l01 | ||
| ORI | |a SA-MARC-krimdoka001.raw | ||
| SIG | |a IFK: F III 454 | ||
